Survivor: Last of their Gender Quiz Stats

Quiz not verified by Sporcle

Challenge
Share
Tweet
Embed
Score 0/21 Timer 03:00
0 Plays Today
Season Player % Correct
Millennials vs. Gen XHannah Shapiro
96.5%
Kaoh RongTai Trang
94.6%
Heroes vs. VillainsRussell Hantz
93.8%
ChinaTodd Herzog
93.2%
MicronesiaErik Reichenbach
93%
SamoaNatalie White
93%
VanuatuChris Daugherty
91.9%
CagayanKass McQuillen
91.9%
Game ChangersSarah Lacina
91.2%
South PacificSophie Clarke
90.9%
One WorldGreg 'Tarzan' Smith
90.7%
Season Player % Correct
AmazonJenna Morasca
90%
Pearl IslandsJon 'Jonny Fairplay' Dalton
89.8%
San Juan Del SurKeith Nale
88.3%
Worlds ApartCarolyn Rivera
88.1%
AfricaKim Johnson
86%
FijiCassandra Franklin
83.5%
Heroes v. Healers v. HustlersChrissy Hofbeck
83.3%
GuatemalaRafe Judkins
82.2%
NicaraguaHolly Hoffman
81.8%
MarquesasPaschal English
81.6%

You're not logged in!

Compare scores with friends on all Sporcle quizzes.
Sign Up with Email
OR
Log In

You Might Also Like...

Show Comments

Extras

Top Quizzes Today


Score Distribution

Your Account Isn't Verified!

In order to create a playlist on Sporcle, you need to verify the email address you used during registration. Go to your Sporcle Settings to finish the process.